Manchester United most G+A each season 2020s - Statistics

General Stats
  • This quiz has been taken 68 times
  • The average score is 10 of 12
Answer Stats
Season Answer % Correct
2019-2031 Marcus Rashford
100%
2020-2134 Marcus Rashford
100%
2022-2322 Marcus Rashford
100%
2020-2146 Bruno Fernandes
95%
2021-2224 Bruno Fernandes
95%
2022-2316 Bruno Fernandes
95%
2019-2032 Anthony Martial
92%
2021-2227 Cristiano Ronaldo
86%
2021-2210 Paul Pogba
61%
2020-2122 Edinson Cavani
53%
2019-2020 Mason Greenwood
51%
2022-239 Christian Eriksen
25%
No matching quizzes found
Score Distribution
Percent of People with Each Score
Percentile by Number Answered
Your Score History
You have not taken this quiz